| 000 | 00893nam a2200217 a 4500 | ||
|---|---|---|---|
| 003 | 0 | ||
| 005 | 20250415144611.0 | ||
| 008 | 970101s19uu xx 00 eng d | ||
| 050 |
_aPGS PN 1992.8.C46 _b.D546 2004 |
||
| 100 | _aDichosa, Jean Christine Gapas. | ||
| 245 |
_aTV viewing preferences of grade six students of Southville International School and Colleges SY (2003-2004) / _cJean Christine Gapas Dichosa. |
||
| 260 |
_aLas PiƱas City, Philippines : _bSouthville International School and Colleges, _c2004. |
||
| 300 |
_a19 pages : _billustrations ; _c28 cm. |
||
| 504 | _aIncludes bibliographical references. | ||
| 650 |
_aStudents _vTelevision viewing preferences. |
||
| 650 |
_aChildren _vEffect of mass media. |
||
| 650 |
_aViolence on television _vChildren. |
||
| 650 |
_aTelevision programs _vPsychological aspects. |
||
| 650 | _aTelevision and children. | ||
| 942 |
_2lcc _cPASS |
||
| 999 |
_c96972 _d96972 |
||